Catálogo Biblioteca Central

La definition de la notion de "population civile" dans le cadre du crime contre l'humanite (Registro nro. 178199)

Detalles MARC
000 -CABECERA
campo de control de longitud fija 00704naa a2200193 4500
001 - NÚMERO DE CONTROL
campo de control 178199
003 - IDENTIFICADOR DEL NÚMERO DE CONTROL
campo de control ES-MaBCM
005 - FECHA Y HORA DE LA ÚLTIMA TRANSACCIÓN
campo de control 20241016192326.0
008 - CÓDIGOS DE INFORMACIÓN DE LONGITUD FIJA
campo de control de longitud fija 100625s2010 fra|r0p 0 ||fre d
021 ## -
-- xx
035 ## - NÚMERO DE CONTROL DEL SISTEMA
Número de control de sistema (OCoLC)1365120530
040 ## - FUENTE DE LA CATALOGACIÓN
Centro transcriptor ES-MaBCM
100 1# - PUNTO DE ACCESO PRINCIPAL - NOMBRE DE PERSONA
Nombre de persona Hemptinne, Jérôme de
9 (RLIN) 90572
245 00 - MENCIÓN DE TÍTULO
Título La definition de la notion de "population civile" dans le cadre du crime contre l'humanite
Resto del título : commentaire critique de l'arret Martic
Mención de responsabilidad etc. Jérôme de Hemptinne
650 27 - PUNTO DE ACCESO ADICIONAL DE MATERIA--TÉRMINO DE MATERIA
Término de materia o nombre geográfico como elemento inicial Crimen contra la humanidad
9 (RLIN) 58187
655 #4 - TÉRMINO DE INDIZACIÓN--GÉNERO/FORMA
Datos o término principal de género/forma Jurisprudencia comentada
9 (RLIN) 59143
773 0# - ENLACE AL DOCUMENTO FUENTE
Encabezamiento principal En:
Título Revue générale de droit international public
Lugar editor y fecha de publicación Paris
Número de control del registro relacionado 104678
Parte(s) relacionada(s) Nº1 (2010), p. 93-104
942 ## - ELEMENTOS DE PUNTO DE ACCESO ADICIONAL (KOHA)
Tipo de ítem Koha Artículos de revistas
Existencias
Estado de retiro Estado de pérdida Estado dañado No para préstamo Localización permanente Ubicación/localización actual Fecha de adquisición Total de préstamos Precio válido a partir de Tipo de ítem Koha
        Biblioteca Central del Ministerio de la Presidencia Biblioteca Central del Ministerio de la Presidencia 21/04/2012   21/04/2012 Artículos de revistas